<?xml version="1.0" encoding="UTF-8"?>
<record
    xmlns:xsi="http://www.w3.org/2001/XMLSchema-instance"
    xsi:schemaLocation="http://www.loc.gov/MARC21/slim http://www.loc.gov/standards/marcxml/schema/MARC21slim.xsd"
    xmlns="http://www.loc.gov/MARC21/slim">

  <leader>00307nam a22001217a 4500</leader>
  <controlfield tag="008">230629b        xxu||||| |||| 00| 0 eng d</controlfield>
  <datafield tag="082" ind1=" " ind2=" ">
    <subfield code="a">348.</subfield>
    <subfield code="b">CLB 1992</subfield>
  </datafield>
  <datafield tag="245" ind1=" " ind2=" ">
    <subfield code="a">Commonwealth Law Bulletin</subfield>
  </datafield>
  <datafield tag="260" ind1=" " ind2=" ">
    <subfield code="b">Commonwealth Secretariat</subfield>
    <subfield code="c">1992</subfield>
  </datafield>
  <datafield tag="300" ind1=" " ind2=" ">
    <subfield code="a">XX,1251p</subfield>
  </datafield>
  <datafield tag="440" ind1=" " ind2=" ">
    <subfield code="n">3</subfield>
    <subfield code="v">18</subfield>
    <subfield code="x">03050718</subfield>
  </datafield>
  <datafield tag="942" ind1=" " ind2=" ">
    <subfield code="2">ddc</subfield>
    <subfield code="c">BK</subfield>
  </datafield>
  <datafield tag="999" ind1=" " ind2=" ">
    <subfield code="c">3121</subfield>
    <subfield code="d">3121</subfield>
  </datafield>
  <datafield tag="952" ind1=" " ind2=" ">
    <subfield code="0">0</subfield>
    <subfield code="1">0</subfield>
    <subfield code="2">ddc</subfield>
    <subfield code="4">0</subfield>
    <subfield code="7">0</subfield>
    <subfield code="a">002</subfield>
    <subfield code="b">002</subfield>
    <subfield code="d">2023-06-29</subfield>
    <subfield code="l">0</subfield>
    <subfield code="o">348. CLB 1993</subfield>
    <subfield code="p">10001010</subfield>
    <subfield code="r">2023-06-29</subfield>
    <subfield code="w">2023-06-29</subfield>
    <subfield code="y">BK</subfield>
  </datafield>
</record>
